LEADER 01180nam0 2200301 450 001 000013055 005 20090317115931.0 100 $a20080617d1985----km-y0itay50------ba 101 0 $aita 102 $aIT 105 $ay-------001yy 200 1 $aSocietà e politica nelle aree di piccola impresa$eil caso della Valdelsa$funa ricerca condotta da A. Bagnasco ... [et al.]$ga cura di A. Bagnasco e C. Trigilia 210 $aMilano$cFranco Angeli$dc1985 215 $a662 p.$d22 cm 225 2 $aIRPET$v1 300 $aIn appendice: Facs-simile dei questionari utilizzati nella ricerca 410 0$12001$aIRPET 500 10$aSocietà e politica nelle aree di piccola impresa$957502 610 1 $aVal d'Elsa$aIndustrializzazione$aAspetti sociali 676 $a303.48309455$v19$9Cause del cambiamento sociale. Sviluppo della scienza e della tecnica. Toscana 676 $a330.9455$v19$9Economia. Toscana 702 1$aBagnasco,$bArnaldo 702 1$aTrigilia,$bCarlo 801 0$aIT$bUNIPARTHENOPE$c20080617$gRICA$2UNIMARC 912 $a000013055 951 $a126/94bis$bCNR/53$cNAVA2 996 $aSocietà e politica nelle aree di piccola impresa$957502 997 $aUNIPARTHENOPE